000 00251nam a2200121Ia 4500
100 _a#N/A
942 _cBK
245 _aModelling and Control of VEHICULAR AND ROBOTIC SYSTEMS
260 _b#N/A
082 _b22697
546 _aENGLISH
999 _c20217
_d20217